000 00291nam a2200133Ia 4500
003 LDD
040 _cLDD
245 0 _aAcademic Periodicals Collection
260 _c2006
440 _aBACKFILE Z JAN.1990-MAY-1997
901 _a1254
_b03-03-1998
902 _b23-03-1998
942 _2ddc
_cCD
999 _c151566
_d151566